=LDR 00000nam 2200000 4500 =001 001212 =005 20250711120004 =035 ##$$a 0010-0725000393 =007 ta =008 250711################a##########0#ind## =020 ##$$a 978-623-307-158-1 =082 ##$$a 398.245 598 =084 ##$$a 398.245 598 FAT c =100 #$$a Fatimah zahra =245 1#$$a Cipi : $b Si ikan cupang /$c Fatimah zahra =250 ##$$a Cetakan kedua =260 ##$$a Rawamangun :$b Badan pengembangan dan pembinaan bahasa,$c 2021 =300 ##$$a 24 hlm. : $b Ilus. ; $c 29,7cm =650 #4$$a Cerita anak-fabel =990 ##$$a TBM02840284